[Event "Asian Nations Cup w 2014"]
[Site "Tabriz IRI"]
[Date "2014.05.23"]
[Round "2.3"]
[White "Asgarizadeh, Minoo"]
[Black "Ju, Wenjun"]
[Result "0-1"]
[WhiteTitle "WFM"]
[BlackTitle "WGM"]
[WhiteElo "2109"]
[BlackElo "2526"]
[WhiteTeam "Iran B"]
[BlackTeam "China"]
[WhiteFideId "12512230"]
[BlackFideId "8603006"]
[EventDate "2014.05.22"]

1. e4 c5 2. Nf3 Nc6 3. d4 cxd4 4. Nxd4 e5 5. Nb5 d6 6. c4 Be7 7. N1c3 a6 8. Na3
f5 9. exf5 Bxf5 10. Bd3 Be6 11. O-O Nf6 12. Bg5 Nd7 13. Ne4 Bxg5 14. Qh5+ g6 15.
Qxg5 Qxg5 16. Nxg5 Bf5 17. Rad1 Ke7 18. Nc2 Bxd3 19. Rxd3 Nc5 20. Re3 b5 21. f4
h6 22. Ne4 Nxe4 23. Rxe4 Rhf8 24. Ne3 Rac8 25. fxe5 Rxf1+ 26. Kxf1 Nxe5 27. cxb5
axb5 28. Nd5+ Ke6 29. Nc3 Rc4 30. Rxc4 bxc4 31. b3 cxb3 32. axb3 Nc6 33. Kf2 d5
34. Nb5 d4 35. Ke2 Kd5 36. Nc7+ Ke4 37. Na6 Na5 38. Nc5+ Kd5 39. b4 Nc6 40. Nd3
Kc4 41. Ne5+ Nxe5 0-1

[Event "Asian Nations Cup w 2014"]
[Site "Tabriz IRI"]
[Date "2014.05.23"]
[Round "2.3"]
[White "Huang, Qian"]
[Black "Derakhshani, Dorsa"]
[Result "1/2-1/2"]
[WhiteTitle "WGM"]
[BlackTitle "WFM"]
[WhiteElo "2494"]
[BlackElo "2169"]
[WhiteTeam "China"]
[BlackTeam "Iran B"]
[WhiteFideId "8602689"]
[BlackFideId "12500330"]
[EventDate "2014.05.22"]

1. Nf3 Nf6 2. c4 e6 3. g3 d5 4. Bg2 Be7 5. O-O O-O 6. b3 c5 7. Bb2 Nc6 8. cxd5
exd5 9. d4 b6 10. Nc3 Bb7 11. Rc1 Rc8 12. dxc5 bxc5 13. Na4 Ne4 14. Nd2 Nd4 15.
e3 Ne6 16. Qc2 f5 17. Rfd1 Qe8 18. f3 Nd6 19. Nf1 Qf7 20. Be5 Rfd8 21. Nb2 Qh5
22. Nd3 Nf7 23. Nf4 Nxf4 24. gxf4 Nxe5 25. fxe5 Rf8 26. f4 Rcd8 27. Qc3 Qg4 28.
Qe1 h5 29. Kh1 h4 30. Qf2 Rf7 31. Bf3 Qh3 32. Bg2 Qg4 33. Bf3 Qh3 34. Bg2 1/2-1/2

[Event "Asian Nations Cup w 2014"]
[Site "Tabriz IRI"]
[Date "2014.05.23"]
[Round "2.3"]
[White "Gholami Orimi, Anahita"]
[Black "Shen, Yang"]
[Result "0-1"]
[BlackTitle "IM"]
[WhiteElo "1981"]
[BlackElo "2458"]
[WhiteTeam "Iran B"]
[BlackTeam "China"]
[WhiteFideId "12560260"]
[BlackFideId "8603162"]
[EventDate "2014.05.22"]

1. d4 d5 2. c4 c6 3. cxd5 cxd5 4. Nc3 Nc6 5. e4 dxe4 6. d5 Ne5 7. Qa4+ Bd7 8.
Qxe4 Ng6 9. Be3 Nf6 10. Qd4 a6 11. Bc4 Qc7 12. Nge2 Ng4 13. Bf4 Nxf4 14. Qxf4
Qxf4 15. Nxf4 g6 16. Nd3 Bg7 17. Ne4 Rc8 18. Nd2 b5 19. Bb3 Bf5 20. Rc1 O-O 21.
Rxc8 Rxc8 22. Nb4 Rc1+ 23. Bd1 Rxd1+ 24. Kxd1 Nxf2+ 25. Ke1 Nxh1 26. Nc6 Kf8 27.
Kf1 Bxb2 28. Kg1 Bc3 29. Nb3 Be4 30. Kxh1 Bxd5 0-1

[Event "Asian Nations Cup w 2014"]
[Site "Tabriz IRI"]
[Date "2014.05.23"]
[Round "2.3"]
[White "Guo, Qi"]
[Black "Zahedifar, Anahita"]
[Result "1-0"]
[WhiteTitle "WGM"]
[WhiteElo "2442"]
[BlackElo "1821"]
[WhiteTeam "China"]
[BlackTeam "Iran B"]
[WhiteFideId "8604002"]
[BlackFideId "12560715"]
[EventDate "2014.05.22"]

1. c4 c6 2. Nf3 d5 3. d4 Nf6 4. Qc2 dxc4 5. Qxc4 Bf5 6. g3 e6 7. Bg2 Nbd7 8. O-O
Be7 9. e3 Be4 10. Nc3 Qa5 11. Nxe4 Nxe4 12. Qc2 Nef6 13. e4 Rc8 14. Bd2 Qh5 15.
Rfe1 O-O 16. b4 h6 17. h3 b6 18. Qa4 Rfd8 19. Rac1 c5 20. bxc5 bxc5 21. Qa6 Ra8
22. g4 Nxg4 23. hxg4 Qxg4 24. Ba5 Re8 25. d5 exd5 26. exd5 Qa4 27. Rc4 Qxa2 28.
Rce4 Qxd5 29. Rxe7 Rxe7 30. Rxe7 Rb8 31. Re1 Rb2 32. Bc3 Ra2 33. Qc8+ Kh7 34.
Ne5 Qb3 35. Qxd7 1-0

[Event "Asian Nations Cup w 2014"]
[Site "Tabriz IRI"]
[Date "2014.05.24"]
[Round "3.1"]
[White "Huang, Qian"]
[Black "Pourkashiyan, Atousa"]
[Result "1/2-1/2"]
[WhiteTitle "WGM"]
[BlackTitle "WGM"]
[WhiteElo "2494"]
[BlackElo "2351"]
[WhiteTeam "China"]
[BlackTeam "Iran A"]
[WhiteFideId "8602689"]
[BlackFideId "12502014"]
[EventDate "2014.05.22"]

1. c4 e6 2. Nc3 d5 3. d4 Nf6 4. Bg5 Be7 5. Nf3 O-O 6. e3 Nbd7 7. Qc2 c5 8. cxd5
Nxd5 9. Bxe7 Qxe7 10. Nxd5 exd5 11. dxc5 Nxc5 12. Nd4 Bd7 13. Bd3 h6 14. O-O
Rac8 15. Qd2 Rfd8 16. Rad1 a6 17. Bb1 Ne4 18. Qe2 Ba4 19. Rc1 Bd7 20. a3 Qg5 21.
Rfe1 Rxc1 22. Rxc1 Qe5 23. h3 Rc8 24. Rxc8+ Bxc8 25. Bxe4 dxe4 26. Qc4 Bd7 27.
Qb4 Bc8 28. Ne2 b5 29. Qd4 Qxd4 30. Nxd4 Kf8 31. Kf1 Ke7 32. Ke1 Kd6 33. Kd2 Kc5
34. Kc3 Be6 35. h4 g6 36. f4 exf3 37. gxf3 Bc4 38. e4 a5 39. b4+ axb4+ 40. axb4+
Kd6 41. f4 f6 42. Kd2 g5 43. Ke3 gxh4 44. Nf5+ Ke6 45. Nxh4 h5 46. Nf5 Kd7 47.
Kf3 Bd3 48. Nd4 Kd6 49. Nb3 Bc2 50. Nd4 Bd3 51. Ke3 Bc4 52. Nf3 Ke6 53. Nd2 Ba2
54. Kf3 f5 55. Kg3 fxe4 56. Nxe4 Bc4 57. Kh4 Kf5 58. Nd6+ 1/2-1/2

[Event "Asian Nations Cup w 2014"]
[Site "Tabriz IRI"]
[Date "2014.05.24"]
[Round "3.1"]
[White "Khademalsharieh, Sarasadat"]
[Black "Tan, Zhongyi"]
[Result "1/2-1/2"]
[WhiteTitle "WGM"]
[BlackTitle "WGM"]
[WhiteElo "2308"]
[BlackElo "2460"]
[WhiteTeam "Iran A"]
[BlackTeam "China"]
[WhiteFideId "12512214"]
[BlackFideId "8603642"]
[EventDate "2014.05.22"]

1. d4 Nf6 2. Bg5 e6 3. Nd2 c5 4. e3 b6 5. Ngf3 Bb7 6. Bd3 Be7 7. O-O O-O 8. c3
h6 9. Bh4 d6 10. h3 Nh5 11. Bxe7 Qxe7 12. a4 Nc6 13. Qe2 Rab8 14. Ba6 Nf6 15. e4
d5 16. Bxb7 Rxb7 17. exd5 Nxd5 18. dxc5 Qxc5 19. Qb5 Qd6 20. Rfd1 Rd7 21. Nc4
Qc7 22. a5 Rfd8 23. axb6 axb6 24. Re1 Rc8 25. Nfe5 Nxe5 26. Nxe5 Rdd8 27. Ra4
Nf6 28. Rc4 Qb7 29. Nc6 Re8 30. Rd1 Nd5 31. Nb4 Nxb4 32. Rd7 Qb8 33. Rxb4 Red8
34. Rbd4 Rxd7 35. Qxd7 Qc7 36. Qxc7 Rxc7 37. Rd8+ Kh7 38. Rb8 Rc6 39. Rb7 Kg6
40. Kf1 f5 41. h4 h5 42. Ke2 e5 43. g3 Kf6 44. Kd3 Rd6+ 45. Ke3 Rc6 46. Rd7 g6
47. Kd3 Ke6 48. Rg7 Kf6 49. Rb7 Rd6+ 50. Ke2 e4 51. b4 Rc6 52. b5 Rxc3 53. Rxb6+
Kg7 54. Rc6 Rb3 55. b6 Rb2+ 56. Ke3 Kf7 57. Kf4 Rxf2+ 58. Ke5 Kg7 59. Kd6 Rb2
60. Kc7 g5 61. hxg5 e3 62. b7 e2 63. Re6 Rc2+ 1/2-1/2

[Event "Asian Nations Cup w 2014"]
[Site "Tabriz IRI"]
[Date "2014.05.24"]
[Round "3.1"]
[White "Shen, Yang"]
[Black "Hejazipour, Mitra"]
[Result "1/2-1/2"]
[WhiteTitle "IM"]
[BlackTitle "WIM"]
[WhiteElo "2458"]
[BlackElo "2249"]
[WhiteTeam "China"]
[BlackTeam "Iran A"]
[WhiteFideId "8603162"]
[BlackFideId "12505951"]
[EventDate "2014.05.22"]

1. d4 Nf6 2. c4 g6 3. Nc3 d5 4. cxd5 Nxd5 5. e4 Nxc3 6. bxc3 Bg7 7. Nf3 c5 8.
Be3 Bg4 9. Qa4+ Nc6 10. Ne5 Bxe5 11. dxe5 O-O 12. f4 Rc8 13. Rb1 Qc7 14. h3 Be6
15. Be2 Qa5 16. Qxa5 Nxa5 17. Kf2 b6 18. a4 Rfd8 19. Bb5 Bc4 20. Rhd1 Bb3 21.
Rdc1 Ba2 22. Ra1 Bc4 23. Rd1 Bb3 24. Rdc1 Bc4 25. Rd1 Bb3 26. Rdc1 Bc4 27. Ke1 1/2-1/2

[Event "Asian Nations Cup w 2014"]
[Site "Tabriz IRI"]
[Date "2014.05.24"]
[Round "3.1"]
[White "Ghader Pour, Shayesteh"]
[Black "Guo, Qi"]
[Result "0-1"]
[WhiteTitle "WIM"]
[BlackTitle "WGM"]
[WhiteElo "2196"]
[BlackElo "2442"]
[WhiteTeam "Iran A"]
[BlackTeam "China"]
[WhiteFideId "12500747"]
[BlackFideId "8604002"]
[EventDate "2014.05.22"]

1. e4 c6 2. Nc3 d5 3. Nf3 Bg4 4. h3 Bxf3 5. Qxf3 e6 6. d3 Nd7 7. g3 Ngf6 8. Bg2
Bc5 9. Qe2 dxe4 10. Nxe4 Nxe4 11. Qxe4 Nf6 12. Qe2 h6 13. O-O O-O 14. Rd1 a5 15.
d4 Bd6 16. c4 Qe7 17. Bd2 Rfd8 18. a3 a4 19. Bc3 Bc7 20. Qe1 Rd7 21. Rab1 Qd8
22. Qe3 Ba5 23. Rd2 Qb6 24. Rbd1 Rad8 25. b4 axb3 26. Bxa5 Qxa5 27. Qxb3 Ne8 28.
Rd3 Nd6 29. d5 exd5 30. cxd5 c5 31. Qc3 Qa7 32. a4 c4 33. Rd4 Qxa4 34. Re1 Kh7
35. Rg4 f5 36. Rh4 Ra8 37. g4 Qb3 38. Qc1 Ra2 39. gxf5 Qb2 40. Qe3 Qd2 41. f6
Qxe3 42. Rxe3 gxf6 43. Re6 Kg7 44. Rg4+ Kf7 45. Rf4 f5 46. Be4 c3 47. Bxf5 Nxf5
48. Rxf5+ Kg7 49. Rf3 c2 50. Rg3+ Kh7 51. Re1 Rb2 52. Kf1 Rb1 53. Rc3 Re7 0-1

[Event "Asian Nations Cup w 2014"]
[Site "Tabriz IRI"]
[Date "2014.05.24"]
[Round "3.2"]
[White "Harika, Dronavalli"]
[Black "Asgarizadeh, Minoo"]
[Result "1-0"]
[WhiteTitle "GM"]
[BlackTitle "WFM"]
[WhiteElo "2503"]
[BlackElo "2109"]
[WhiteTeam "India"]
[BlackTeam "Iran B"]
[WhiteFideId "5015197"]
[BlackFideId "12512230"]
[EventDate "2014.05.22"]

1. Nf3 d5 2. e3 Nf6 3. d4 Bf5 4. c4 e6 5. Qb3 Qc8 6. Nc3 c6 7. Nh4 Bg6 8. Nxg6
hxg6 9. g3 Nbd7 10. Bd2 Nb6 11. h3 Nxc4 12. Bxc4 dxc4 13. Qxc4 Nd5 14. e4 Nb6
15. Qb3 c5 16. d5 exd5 17. Nxd5 Nxd5 18. exd5 Qd7 19. Qe3+ Qe7 20. Bc3 Qxe3+ 21.
fxe3 Kd7 22. Ke2 Re8 23. Kf3 f5 24. g4 Kd6 25. gxf5 gxf5 26. Rag1 Rh7 27. Rg6+
Kd7 28. h4 b5 29. a3 Rh6 30. h5 a5 31. Bxa5 Re5 32. Bc3 Rxd5 33. Bxg7 Bxg7 34.
Rxg7+ Ke6 35. Rb7 1-0

[Event "Asian Nations Cup w 2014"]
[Site "Tabriz IRI"]
[Date "2014.05.24"]
[Round "3.2"]
[White "Derakhshani, Dorsa"]
[Black "Tania, Sachdev"]
[Result "1-0"]
[WhiteTitle "WFM"]
[BlackTitle "IM"]
[WhiteElo "2169"]
[BlackElo "2422"]
[WhiteTeam "Iran B"]
[BlackTeam "India"]
[WhiteFideId "12500330"]
[BlackFideId "5007844"]
[EventDate "2014.05.22"]

1. e4 e5 2. Nf3 Nc6 3. d4 exd4 4. Nxd4 Nf6 5. Nxc6 bxc6 6. e5 Qe7 7. Qe2 Nd5 8.
c4 Ba6 9. b3 g5 10. Bb2 Bg7 11. Nd2 Nb4 12. Ne4 O-O-O 13. Ng3 Rhe8 14. Nf5 Qf8
15. Nxg7 Qxg7 16. a3 Nd5 17. Qd2 Nf4 18. O-O-O Ne6 19. Qa5 Kb8 20. Kb1 Bb7 21.
c5 Qf8 22. Rc1 Ka8 23. h4 d6 24. hxg5 Nxc5 25. Bd4 Qg8 26. b4 Qg6+ 27. Ka2 Qe4
28. Be3 Bc8 29. Bc4 Rxe5 30. bxc5 Bf5 31. Qxc7 Rb8 32. Rc3 Qxg2 33. Re1 Ree8 34.
cxd6 Rb7 35. Qa5 Rh8 1-0

[Event "Asian Nations Cup w 2014"]
[Site "Tabriz IRI"]
[Date "2014.05.24"]
[Round "3.2"]
[White "Karavade, Eesha"]
[Black "Gholami Orimi, Anahita"]
[Result "1-0"]
[WhiteTitle "IM"]
[WhiteElo "2399"]
[BlackElo "1981"]
[WhiteTeam "India"]
[BlackTeam "Iran B"]
[WhiteFideId "5012600"]
[BlackFideId "12560260"]
[EventDate "2014.05.22"]

1. Nf3 Nf6 2. c4 e6 3. g3 d5 4. b3 c5 5. Bg2 Nc6 6. O-O Be7 7. Bb2 O-O 8. e3 b6
9. Qe2 Bb7 10. Rd1 Qc7 11. Nc3 dxc4 12. bxc4 Rac8 13. Rac1 Rfd8 14. d4 Na5 15.
Nb5 Qb8 16. d5 exd5 17. Be5 Qa8 18. Nc7 Rxc7 19. Bxc7 Rc8 20. cxd5 Bxd5 21. Be5
Ne4 22. Ne1 f6 23. Ba1 Bc6 24. Qg4 Kh8 25. Rd7 Re8 26. Rc7 Bf8 27. Rd1 Nc4 28.
Qh5 Ne5 29. Bxe5 Rxe5 30. Qf7 a5 31. Rxc6 1-0

[Event "Asian Nations Cup w 2014"]
[Site "Tabriz IRI"]
[Date "2014.05.24"]
[Round "3.2"]
[White "Zahedifar, Anahita"]
[Black "Padmini, Rout"]
[Result "0-1"]
[BlackTitle "WGM"]
[WhiteElo "1821"]
[BlackElo "2354"]
[WhiteTeam "Iran B"]
[BlackTeam "India"]
[WhiteFideId "12560715"]
[BlackFideId "5029295"]
[EventDate "2014.05.22"]

1. d4 Nf6 2. c4 g6 3. Nc3 d5 4. Nf3 Bg7 5. Bg5 Ne4 6. cxd5 Nxg5 7. Nxg5 e6 8.
Qd2 h6 9. Nh3 exd5 10. Qe3+ Kf8 11. Nf4 c6 12. Qf3 Kg8 13. e3 Nd7 14. Bd3 Nf6
15. h3 h5 16. h4 b5 17. Nh3 Bg4 18. Qg3 Bf8 19. f3 Bxh3 20. Rxh3 a5 21. Ne2 Bd6
22. Qg5 Kg7 23. Ng3 Kf8 24. f4 Be7 25. Bxg6 fxg6 26. Qxg6 Qe8 27. Qf5 Kf7 28.
Kf1 Qc8 29. Qd3 b4 30. Kg1 c5 31. dxc5 Qxc5 32. Nf5 Qc4 33. Rd1 Qxd3 34. Rxd3
Rhc8 35. Nxe7 Kxe7 36. Rf3 Rc2 37. Rf2 Rac8 38. Rdd2 Rxd2 39. Rxd2 Rc1+ 40. Kh2
Re1 41. Rd3 Re2 42. Rb3 Ne4 43. Rd3 Ke6 44. f5+ Ke5 45. f6 Nxf6 46. Rb3 Ne4 0-1

[Event "Asian Nations Cup w 2014"]
[Site "Tabriz IRI"]
[Date "2014.05.24"]
[Round "3.3"]
[White "Abdumalik, Zhansaya"]
[Black "Nguyen, Thi Mai Hung"]
[Result "1/2-1/2"]
[WhiteTitle "WIM"]
[BlackTitle "WIM"]
[WhiteElo "2350"]
[BlackElo "2316"]
[WhiteTeam "Kazakhstan"]
[BlackTeam "Vietnam"]
[WhiteFideId "13703544"]
[BlackFideId "12401676"]
[EventDate "2014.05.22"]

1. e4 e6 2. d4 d5 3. e5 c5 4. c3 Qb6 5. Nf3 Nc6 6. a3 c4 7. g3 Bd7 8. Bg2 Na5 9.
Nbd2 Be7 10. O-O O-O-O 11. Rb1 h5 12. Qe2 Nh6 13. Re1 g5 14. Nf1 Rdg8 15. Ne3
Kb8 16. Nd2 Nb3 17. Rf1 g4 18. f4 gxf3 19. Nxf3 Ng4 20. Nd1 Qd8 21. Bf4 Rg7 22.
h3 Nh6 23. Ne3 Ka8 24. h4 Ng8 25. Kh2 Na5 26. Bh3 Nh6 27. Ng5 Ng8 28. Rf2 Qc8
29. Rbf1 Nc6 30. Ng2 Nd8 31. Bd2 Be8 32. Qd1 Qc6 33. Ne1 a6 34. Nc2 Qa4 35. Bc1
Ka7 36. Qe2 Qb5 37. Ne1 Qc6 38. Ng2 Ka8 39. Nf4 Bxg5 40. hxg5 Rgh7 41. Ng2 Ne7
42. Nh4 Qb6 43. Rf6 Ng8 44. R6f2 Ne7 45. Bg2 Ndc6 46. Be3 Nb8 47. Bf3 Nd7 48.
Rh1 Ng6 49. Kg1 Ndf8 50. Rfh2 Nxh4 51. Rxh4 Ng6 52. Rxh5 Rxh5 53. Bxh5 a5 54.
Kg2 a4 55. Bc1 Qc6 56. Rf1 Rg8 57. Rf6 Qd7 1/2-1/2

[Event "Asian Nations Cup w 2014"]
[Site "Tabriz IRI"]
[Date "2014.05.24"]
[Round "3.3"]
[White "Hoang, Thi Bao Tram"]
[Black "Saduakassova, Dinara"]
[Result "1/2-1/2"]
[WhiteTitle "WGM"]
[BlackTitle "WGM"]
[WhiteElo "2288"]
[BlackElo "2335"]
[WhiteTeam "Vietnam"]
[BlackTeam "Kazakhstan"]
[WhiteFideId "12401102"]
[BlackFideId "13700090"]
[EventDate "2014.05.22"]

1. Nf3 d5 2. d4 Nf6 3. g3 Bf5 4. Bg2 c6 5. O-O h6 6. c4 e6 7. Nc3 Nbd7 8. Qb3
Qb6 9. c5 Qa6 10. Qa4 Qxa4 11. Nxa4 b6 12. b4 b5 13. Nb2 a5 14. bxa5 Rxa5 15.
Bd2 Ra7 16. a4 bxa4 17. Nxa4 Rb7 18. Nc3 Be7 19. Ra8+ Rb8 20. Ra6 Rc8 21. Rfa1
Ne4 22. Be1 Bf6 23. R1a3 O-O 24. Na4 Ng5 25. Nxg5 hxg5 26. e3 e5 27. dxe5 Nxe5
28. Nb6 Rb8 29. Bc3 Nd7 30. Bxf6 gxf6 31. Rc3 Rfe8 32. h3 Rb7 33. Kh2 Reb8 34.
g4 Be6 35. Nxd7 Bxd7 36. e4 d4 37. Rc4 Rb4 38. Ra4 Rxa4 39. Rxa4 Rb5 40. Rxd4
Be6 41. Rd6 Rxc5 42. e5 fxe5 43. Rxc6 Rb5 44. Be4 Kg7 45. Kg3 Bd5 1/2-1/2

[Event "Asian Nations Cup w 2014"]
[Site "Tabriz IRI"]
[Date "2014.05.24"]
[Round "3.3"]
[White "Davletbayeva, Madina"]
[Black "Nguyen, Thi Thanh An"]
[Result "1-0"]
[WhiteTitle "WIM"]
[BlackTitle "WGM"]
[WhiteElo "2275"]
[BlackElo "2275"]
[WhiteTeam "Kazakhstan"]
[BlackTeam "Vietnam"]
[WhiteFideId "13703595"]
[BlackFideId "12400300"]
[EventDate "2014.05.22"]

1. e4 c5 2. Nf3 d6 3. Bb5+ Nd7 4. d4 cxd4 5. Qxd4 a6 6. Bxd7+ Bxd7 7. O-O Rc8 8.
Nc3 e5 9. Qb4 Bc6 10. Be3 Nf6 11. Bg5 Be7 12. Bxf6 gxf6 13. Qb3 Qd7 14. Nh4 Rg8
15. g3 Qh3 16. Nf5 Rg5 17. Nd5 Kf8 18. Nfxe7 Rh5 19. Rfc1 Bb5 20. c4 Rxc4 21.
Rxc4 Qxh2+ 22. Kf1 Qh1+ 23. Ke2 Qxa1 24. Qxb5 axb5 25. Rc8+ Kg7 26. Rg8+ Kh6 27.
Ne3 Qxb2+ 28. Kf3 Qa3 29. Kg2 Rg5 30. N7f5+ 1-0

[Event "Asian Nations Cup w 2014"]
[Site "Tabriz IRI"]
[Date "2014.05.24"]
[Round "3.3"]
[White "Hoang, Thi Nhu Y"]
[Black "Dauletova, Gulmira"]
[Result "1/2-1/2"]
[WhiteTitle "WIM"]
[BlackTitle "WIM"]
[WhiteElo "2225"]
[BlackElo "2244"]
[WhiteTeam "Vietnam"]
[BlackTeam "Kazakhstan"]
[WhiteFideId "12401455"]
[BlackFideId "13702971"]
[EventDate "2014.05.22"]

1. d4 Nf6 2. Bg5 Ne4 3. Bh4 c5 4. f3 Qa5+ 5. c3 Nd6 6. dxc5 Qxc5 7. Bf2 Qc6 8.
e4 b6 9. Na3 Ba6 10. Bxa6 Nxa6 11. e5 Nc4 12. Nxc4 Qxc4 13. Qe2 Rc8 14. Qxc4
Rxc4 15. Ne2 g6 16. Bd4 Bg7 17. O-O O-O 18. f4 Nc7 19. Rad1 Ne6 20. Be3 Rd8 21.
b3 Rc6 22. Rd2 f6 23. exf6 Bxf6 24. c4 Rc7 25. f5 gxf5 26. Rxf5 Rf8 27. g4 Ng7
28. Rf1 d6 29. Kg2 Be5 30. Rxf8+ Kxf8 31. h4 Ne6 32. Kf3 Kf7 33. g5 Rc8 34. Kg4
Rf8 35. Ng1 Kg7 36. Nf3 Bc3 37. Re2 Kf7 38. h5 Rg8 39. Rf2 Ke8 40. Rc2 Bh8 41.
Kh4 Rf8 42. Kg4 Rg8 43. Kh4 Rf8 44. Kg4 Rg8 45. Kh4 1/2-1/2

[Event "Asian Nations Cup w 2014"]
[Site "Tabriz IRI"]
[Date "2014.05.25"]
[Round "4.1"]
[White "Pourkashiyan, Atousa"]
[Black "Nguyen, Thi Mai Hung"]
[Result "1/2-1/2"]
[WhiteTitle "WGM"]
[BlackTitle "WIM"]
[WhiteElo "2351"]
[BlackElo "2316"]
[WhiteTeam "Iran A"]
[BlackTeam "Vietnam"]
[WhiteFideId "12502014"]
[BlackFideId "12401676"]
[EventDate "2014.05.22"]

1. e4 e6 2. d4 d5 3. Nc3 Nf6 4. e5 Nfd7 5. f4 c5 6. Nf3 Nc6 7. Be3 Be7 8. Qd2
O-O 9. dxc5 Nxc5 10. O-O-O a6 11. Qf2 Qa5 12. Kb1 Na4 13. Nxa4 Qxa4 14. Nd4 Bd7
15. g3 Rfc8 16. Nxc6 Bxc6 17. Bd4 Bb5 18. f5 exf5 19. Qxf5 Bd7 20. Qf2 Bg4 21.
Re1 Bf3 22. Rg1 Be4 23. Bd3 Bxd3 24. cxd3 Rc6 25. Rgf1 Rf8 26. h4 h6 27. Rd1 Qb5
28. Qf5 a5 29. Qf2 a4 30. Ka1 a3 31. b3 Bb4 32. Kb1 Kh8 33. Qf3 Bc3 34. Qf2 Qb4
35. Bxc3 Qxc3 36. Qe2 Re6 37. d4 Qxg3 38. h5 Rc6 39. Rd3 Qh4 40. Rdd1 Kg8 41.
Qf3 Kh8 42. Rh1 Qd8 43. Rhg1 f6 44. Rdf1 Kg8 45. Qg2 Qd7 46. Qg6 f5 47. Qg3 Rfc8
48. Qd3 Rc3 49. Qd2 Qb5 50. Rf2 Qd3+ 51. Qxd3 Rxd3 52. Rc1 Rxc1+ 53. Kxc1 Rxd4
54. Rxf5 Re4 55. Kd2 b5 56. e6 Rxe6 57. Rxd5 Rf6 58. Rxb5 Rf2+ 59. Kc3 Rxa2 60.
Ra5 Rh2 61. Rxa3 Rxh5 62. Ra1 Kf7 63. b4 Rb5 64. Kc4 Rg5 65. b5 Ke6 66. Rd1 Rg2
67. b6 Rb2 68. Kc5 h5 69. Kc6 Rc2+ 70. Kb5 Rb2+ 71. Kc6 Rc2+ 72. Kb5 Rb2+ 1/2-1/2

[Event "Asian Nations Cup w 2014"]
[Site "Tabriz IRI"]
[Date "2014.05.25"]
[Round "4.1"]
[White "Hoang, Thi Bao Tram"]
[Black "Khademalsharieh, Sarasadat"]
[Result "1/2-1/2"]
[WhiteTitle "WGM"]
[BlackTitle "WGM"]
[WhiteElo "2288"]
[BlackElo "2308"]
[WhiteTeam "Vietnam"]
[BlackTeam "Iran A"]
[WhiteFideId "12401102"]
[BlackFideId "12512214"]
[EventDate "2014.05.22"]

1. Nf3 Nf6 2. d4 e6 3. c4 b6 4. g3 Bb7 5. Bg2 Bb4+ 6. Bd2 Bxd2+ 7. Qxd2 O-O 8.
O-O d6 9. Nc3 Ne4 10. Qd3 Nxc3 11. Qxc3 Nd7 12. Rad1 a5 13. b3 Qe7 14. Qc2 f5
15. Nh4 Bxg2 16. Nxg2 Rae8 17. a3 Qf7 18. b4 axb4 19. axb4 e5 20. e3 Nf6 21. c5
bxc5 22. dxc5 dxc5 23. Qxc5 Ne4 24. Qc2 Rb8 25. Rb1 Ng5 26. Nh4 f4 27. Qc5 Rbe8
28. Rbc1 f3 29. Qxc7 Qxc7 30. Rxc7 Ne6 31. Rc4 g5 32. Nxf3 Rxf3 33. Kg2 Rf7 34.
Re4 Ng7 35. Rc1 Nh5 36. Rc5 Rfe7 37. f4 Nf6 38. Rexe5 Rxe5 39. Rxe5 Rxe5 40.
fxe5 Nd5 41. b5 Kf7 42. Kf3 h5 43. e4 g4+ 44. Kf2 Nc3 45. b6 Nxe4+ 46. Ke3 Nc5
47. Kd4 Nb7 48. Kd5 Na5 49. Ke4 Ke6 1/2-1/2

[Event "Asian Nations Cup w 2014"]
[Site "Tabriz IRI"]
[Date "2014.05.25"]
[Round "4.1"]
[White "Hejazipour, Mitra"]
[Black "Nguyen, Thi Thanh An"]
[Result "1/2-1/2"]
[WhiteTitle "WIM"]
[BlackTitle "WGM"]
[WhiteElo "2249"]
[BlackElo "2275"]
[WhiteTeam "Iran A"]
[BlackTeam "Vietnam"]
[WhiteFideId "12505951"]
[BlackFideId "12400300"]
[EventDate "2014.05.22"]

1. d4 c5 2. d5 e5 3. Nc3 d6 4. e4 a6 5. a4 g6 6. Be2 Bg7 7. Nf3 Ne7 8. Be3 O-O
9. Nd2 f5 10. Nc4 Qc7 11. a5 Nd7 12. Bg5 Bf6 13. h4 Rb8 14. Qd2 b5 15. axb6 Nxb6
16. Bxf6 Rxf6 17. f4 Nxc4 18. Bxc4 Kg7 19. fxe5 dxe5 20. b3 Qd6 21. h5 f4 22.
hxg6 Rxg6 23. Kd1 Ng8 24. Kc1 Nf6 25. Kb2 Rg3 26. Raf1 Rb4 27. Rf3 Rg6 28. Bd3
Qb8 29. Na2 Rb6 30. Qc3 Rxg2 31. Bf1 Rg5 32. Qxc5 Bg4 33. Rc3 Qd6 34. Qc4 h5 35.
Bg2 Bd7 36. Bf3 Kg6 37. Nc1 a5 38. Nd3 a4 39. Qc5 axb3 40. cxb3 Bg4 41. Qxd6
Rxd6 42. Nc5 Bxf3 43. Rxf3 Rg3 44. Nd3 Rg2+ 45. Ka3 Ra6+ 46. Kb4 Rb6+ 47. Ka3
Rg5 48. Re1 Nd7 49. b4 Rg3 50. Ref1 h4 51. Ka4 h3 52. Nc5 Rd6 53. R3f2 Kh5 54.
Kb5 Rgg6 55. Rh2 Kh4 56. Rfh1 Rg3 57. Nxd7 Rxd7 58. Kc6 Rf7 59. d6 Rd3 60. b5
Rf6 61. Kc7 Rdxd6 62. Rxh3+ Kg4 63. Rb3 f3 64. Rf1 Rde6 65. Kd7 Rb6 66. Kc7 Rbe6
67. Kd7 Rd6+ 68. Kc7 Rde6 69. Kd7 Rd6+ 1/2-1/2

[Event "Asian Nations Cup w 2014"]
[Site "Tabriz IRI"]
[Date "2014.05.25"]
[Round "4.2"]
[White "Asgarizadeh, Minoo"]
[Black "Nakhbayeva, Guliskhan"]
[Result "1/2-1/2"]
[WhiteTitle "WFM"]
[BlackTitle "WGM"]
[WhiteElo "2109"]
[BlackElo "2317"]
[WhiteTeam "Iran B"]
[BlackTeam "Kazakhstan"]
[WhiteFideId "12512230"]
[BlackFideId "13704788"]
[EventDate "2014.05.22"]

1. e4 c5 2. Nf3 e6 3. d4 cxd4 4. Nxd4 Nc6 5. Nc3 Qc7 6. Be2 Nf6 7. O-O Be7 8.
Be3 O-O 9. f4 d6 10. Ndb5 Qb8 11. a4 a6 12. Na3 Rd8 13. Bb6 Re8 14. Nc4 Bf8 15.
Bf3 Nd7 16. Be3 Qc7 17. a5 Nce5 18. fxe5 Qxc4 19. exd6 Qb4 20. Bf4 e5 21. Nd5
Qxd6 22. Bg5 f6 23. Be3 Qc6 24. b4 f5 25. exf5 e4 26. Bh5 Re5 27. c4 Qxc4 28.
Be2 Qc6 29. Rc1 Rxd5 30. Qb3 Qd6 31. Bc4 Nf6 32. Rcd1 Kh8 33. Bxd5 Qxb4 34. Qxb4
Bxb4 35. Bb6 e3 36. Bf3 Bd2 37. g4 Nd7 38. Bc7 Nc5 39. Bb6 Na4 40. Bd4 Bd7 41.
f6 Bc6 42. Be2 Bb5 43. fxg7+ Kg8 44. Rxd2 exd2 45. Bd1 Bc4 46. Bxa4 Re8 47. Rf8+
Rxf8 48. gxf8=Q+ Kxf8 49. Bd1 Ke7 50. Bc3 Kd6 51. Bxd2 Kc6 52. Be3 1/2-1/2